| 000 | 00628nam a2200181Ia 4500 | ||
|---|---|---|---|
| 003 | Ost | ||
| 005 | 20260507075114.0 | ||
| 008 | 260507s9999||||xx |||||||||||||| ||und|| | ||
| 040 | _cfsecg | ||
| 041 | _aara | ||
| 082 | _a330 | ||
| 100 |
_aالمرسي، جمال الدين محمد _eمؤلف |
||
| 245 | 0 |
_aالتفكير الاسترتيجي والادارة الاستراتيجية -منهج تطبيقي- / _c جمال الدين محمد المرسي |
|
| 260 |
_aالاسكندرية: _bالدار الجامعية, _c2002 |
||
| 300 | _a صفحة؛ | ||
| 653 | _aادارة استراتيجية | ||
| 942 | _cكتاب | ||
| 999 |
_c42967 _d42967 |
||